Who are you? : identification, deception, and surveillance in early modern Europe (Record no. 95602)

MARC details
000 -LEADER
fixed length control field 00918nam a2200241Ia 4500
008 - FIXED-LENGTH DATA ELEMENTS--GENERAL INFORMATION
fixed length control field 191130s2007##################000#0#eng##
020 ## - INTERNATIONAL STANDARD BOOK NUMBER
ISBN 9781890951726
082 ## - DEWEY DECIMAL CLASSIFICATION NUMBER
Classification number 346.4012 GRO
100 ## - MAIN ENTRY--AUTHOR NAME
Personal name Groebner, Valentin
245 ## - TITLE STATEMENT
Title Who are you? : identification, deception, and surveillance in early modern Europe
Statement of responsibility, etc Valentin Groebner ; translated by Mark Kyburz and John Peck
260 ## - PUBLICATION, DISTRIBUTION, ETC. (IMPRINT)
Place of publication Brooklyn, NY
Name of publisher Zone Books
Year of publication 2007
300 ## - PHYSICAL DESCRIPTION
Number of Pages 349 p. : ill. ; 24 cm
500 ## - GENERAL NOTE
General note Includes bibliographical references (p. 261-327) and index
650 ## - SUBJECT ADDED ENTRY--TOPICAL TERM
Topical Term Identification cards - Law and legislation - Europe - History
Topical Term Identity (Philosophical concept) - History
Topical Term Personality (Law) - Europe - History
Topical Term Persons - Europe - Identification - History
991 ## -
-- 292067
Holdings
Withdrawn status Lost status Damaged status Not for loan Home library Current library Shelving location Date acquired Full call number Accession Number Price effective from Koha item type
        Anna Centenary Library Anna Centenary Library 4TH FLOOR, A WING 09.10.2020 346.4012 GRO 462368 09.10.2020 English Books

Find us on the map